Genetical and biochemical applications of microbiology (Record no. 1632)
[ view plain ]
| 000 -LEADER | |
|---|---|
| fixed length control field | 00751 a2200217 4500 |
| 010 ## - LIBRARY OF CONGRESS CONTROL NUMBER | |
| LC control number | ENG-85193 |
| 020 ## - INTERNATIONAL STANDARD BOOK NUMBER | |
| International Standard Book Number | 8131300005 |
| Terms of availability | 895.00 |
| 035 ## - SYSTEM CONTROL NUMBER | |
| System control number | EN-68726 |
| 037 ## - SOURCE OF ACQUISITION | |
| Source of stock number/acquisition | D.B.Act / Pub |
| 082 14 - DEWEY DECIMAL CLASSIFICATION NUMBER | |
| Classification number | 576.139 |
| 090 ## - LOCALLY ASSIGNED LC-TYPE CALL NUMBER (OCLC); LOCAL CALL NUMBER (OCLC) | |
| -- | 1662 |
| -- | 1662 |
| 100 1# - MAIN ENTRY--PERSONAL NAME | |
| Personal name | Rajvaidya, Neelima |
| 245 ## - TITLE STATEMENT | |
| Title | Genetical and biochemical applications of microbiology |
| Statement of responsibility, etc | by Neelima Rajvaidya and Dilip Kumar Markandey |
| 260 ## - PUBLICATION, DISTRIBUTION, ETC. (IMPRINT) | |
| Place of publication, distribution, etc | New Delhi |
| Name of publisher, distributor, etc | A P H Publishing |
| Date of publication, distribution, etc | 2006 |
| 270 ## - ADDRESS | |
| Address | 5, Ansari Road, Darya Ganj |
| City | New Delhi |
| State or province | Delhi |
| Postal code | 110002 |
| Telephone number | 23274050 |
| 300 ## - PHYSICAL DESCRIPTION | |
| Extent | 345 p |
| Other physical details | ill |
| Dimensions | 21 cm (Hb) |
| 650 ## - SUBJECT ADDED ENTRY--TOPICAL TERM | |
| Topical term or geographic name as entry element | Microbiology |
| 700 ## - ADDED ENTRY--PERSONAL NAME | |
| Personal name | Markandey, Dilip Kumar |
| 942 ## - ADDED ENTRY ELEMENTS (KOHA) | |
| Institution code [OBSOLETE] | dpl |
| Koha item type | English Books |
| Call number prefix | 576.139 / RAJ |
| Withdrawn status | Lost status | Source of classification or shelving scheme | Damaged status | Not for loan | Collection code | Home library | Current library | Source of acquisition | Cost, normal purchase price | Total Checkouts | Full call number | Barcode | Date last seen | Copy number | Uniform Resource Identifier | Cost, replacement price | Price effective from | Koha item type |
|---|---|---|---|---|---|---|---|---|---|---|---|---|---|---|---|---|---|---|
| Dewey Decimal Classification | Not For Loan | Non-fiction | D.B.Act.Division | D.B.Act.Division | DBAD/PUB | 895.00 | 576.139 RAJ | EN-68726 | 15/09/2008 | 1 | 1715 | 895.00 | 15/09/2008 | English Books |
